000 01315cam a2200313 a 4500
001 16888699
005 20170105102349.0
008 110725s2011 enka b 001 0 eng
010 _a 2011287091
020 _a9780521176835
040 _aDLC
_cDLC
_dDLC
042 _apcc
082 _a515.723
100 1 _aJames, J. F.
_q(John Francis)
245 1 2 _aA student's guide to Fourier transforms : with applications in physics and engineering
_bwith applications in physics and engineering
_cJ.F. James
250 _a3rd ed.
260 _aCambridge ;
_aNew York :
_bCambridge University Press,
_c2011.
300 _axiii, 146 p. :
_bill. ;
_c24 cm.
504 _aIncludes bibliographical references (p. 141-142) and index.
650 0 _aFourier transformations.
650 0 _aMathematical physics.
650 0 _aEngineering mathematics.
856 4 2 _3Contributor biographical information
_uhttp://www.loc.gov/catdir/enhancements/fy1114/2011287091-b.html
856 4 2 _3Publisher description
_uhttp://www.loc.gov/catdir/enhancements/fy1114/2011287091-d.html
856 4 1 _3Table of contents only
_uhttp://www.loc.gov/catdir/enhancements/fy1114/2011287091-t.html
906 _a7
_bcbc
_corigcop
_d2
_eocip
_f20
_gy-gencatlg
942 _2ddc
_cBK
999 _c11819
_d11819